000 00857nam a22001937a 4500
999 _c61587
_d61587
005 20240326142941.0
008 240326c2009 ge ||||| |||| 00| 0 geo d
022 _a1512-4207
041 _ageo
245 _aიბერია-კოლხეთი = Iberia-Colchis :
_b2009 /
_cმთ. რედაქტორი გ. გამყრელიძე.
300 _aV.
653 _aიბერია
653 _aკოლხეთი
653 _aარქეოლოგია
653 _aპერიოდიკა
700 _aგამყრელიძე, გ.
_eმთ. რედაქტორი
_919256
710 _aსაქართველოს ეროვნული მუზეუმი. ოთარ ლორთქიფანიძის არქეოლოგიის ცენტრი.
_91941
942 _2udc
_cCR